Cine y literatura / (Record no. 110479)

MARC details
000 -LEADER
campo de control de longitud fija 00851cam a2200301Mi 4500
001 - NÚMERO DE CONTROL
campo de control 50605
005 - FECHA Y HORA DE LA ÚLTIMA TRANSACCIÓN
campo de control 20230411090004.0
008 - DATOS DE LONGITUD FIJA--INFORMACIÓN GENERAL
campo de control de longitud fija 070529s2007 ag 000 0 spa d
035 ## - NÚMERO DE CONTROL DEL SISTEMA
Número de control de sistema (OCoLC)ocn137316734
040 ## - FUENTE DE CATALOGACIÓN
Centro catalogador/agencia de origen PL#
Lengua de catalogación spa
Centro/agencia transcriptor PL#
020 ## - NÚMERO INTERNACIONAL ESTÁNDAR DEL LIBRO
Número Internacional Estándar del Libro 9500395002
020 ## - NÚMERO INTERNACIONAL ESTÁNDAR DEL LIBRO
Número Internacional Estándar del Libro 9789500395007
029 0# - OTRO NÚMERO DE CONTROL DE SISTEMA (OCLC)
Identificador de la biblioteca OCLC PL#
Número de control de sistema 070009258
035 ## - NÚMERO DE CONTROL DEL SISTEMA
Número de control de sistema (OCoLC)137316734
049 ## - FONDOS LOCALES (OCLC)
Biblioteca depositaria GRAL
100 1# - ENTRADA PRINCIPAL--NOMBRE DE PERSONA
Nombre de persona Quiroga, Horacio,
Fechas asociadas al nombre 1878-1937.
245 10 - MENCIÓN DEL TÍTULO
Título Cine y literatura /
Mención de responsabilidad, etc. Horacio Quiroga.
250 ## - MENCION DE EDICION
Mención de edición 1. ed.
260 ## - PUBLICACIÓN, DISTRIBUCIÓN, ETC.
Lugar de publicación, distribución, etc. Buenos Aires :
Nombre del editor, distribuidor, etc. Losada,
Fecha de publicación, distribución, etc. 2007.
300 ## - DESCRIPCIÓN FÍSICA
Extensión 382 p. ;
Dimensiones 23 cm.
490 0# - MENCIÓN DE SERIE
Mención de serie Ensayo / Losada
653 ## - TÉRMINO DE INDIZACIÓN--NO CONTROLADO
Término no controlado Cine
-- Artículos periodísticos.
653 ## - TÉRMINO DE INDIZACIÓN--NO CONTROLADO
Término no controlado Cine y literatura.
653 ## - TÉRMINO DE INDIZACIÓN--NO CONTROLADO
Término no controlado Quiroga, Horacio, 1878-1937
-- Antologías.
938 ## -
-- Puvill Libros
-- PUVL
-- 9789500395007
-- $29.01
942 ## - ELEMENTOS DE ENTRADA SECUNDARIOS (KOHA)
Fuente del sistema de clasificación o colocación Clasificación de Library of Congress
Tipo de ítem Koha
994 ## -
-- C0
-- DRFGD
Holdings
Estatus retirado Estado de pérdida Fuente del sistema de clasificación o colocación Estado de daño No para préstamo Colección Biblioteca de origen Biblioteca actual Ubicación en estantería Fecha de adquisición Código de barras Visto por última vez Copia número Tipo de ítem Koha
    Clasificación de Library of Congress     Automatización y Procesos Técnicos Biblioteca Juan Bosch Biblioteca Juan Bosch Automatización y Procesos Técnicos (1er. Piso) 11/04/2023 00000052261 17/02/2019 1